Влияние тонкого измельчения углей Кузбасса и составленных из них шихт на качество кокса: диссертационная работа на соискание ученой степени кандидата технических наук

Xehetasun bibliografikoak
Egile nagusia: Сухенко С. И.
Erakunde egilea: Кузнецкий металлургический комбинат
Gaia:Машинопись
Hizkuntza:errusiera
Argitaratua: Сталинск, [Б. и.], 1952
Gaiak:
Formatua: Liburua
KOHA link:https://koha.lib.tpu.ru/cgi-bin/koha/opac-detail.pl?biblionumber=359499

MARC

LEADER 00000nbm0a2200000 4500
001 359499
005 20231102011209.0
035 |a (RuTPU)RU\TPU\retro\16779 
090 |a 359499 
100 |a 20201105j195211 k y0rusy50 ca 
101 0 |a rus 
102 |a RU 
105 |a af m 001zy 
200 1 |a Влияние тонкого измельчения углей Кузбасса и составленных из них шихт на качество кокса  |e диссертационная работа на соискание ученой степени кандидата технических наук  |f С. И. Сухенко  |g Кузнецкий металлургический комбинат 
210 |a Сталинск  |c [Б. и.]  |d 1952 
215 |a 145 л.  |c ил. 
300 |a Машинопись 
320 |a Библиогр.: л. 133-143 (117 назв.) 
606 1 |a Коксование  |x Углеподготовка  |2 stltpush  |3 (RuTPU)RU\TPU\subj\33258  |9 55551 
610 1 |a коллекция ТПУ 
610 1 |a диссертации 
610 1 |a угли для коксования 
610 1 |a петрографический состав 
610 1 |a метаморфизм 
610 1 |a спекаемость 
610 1 |a коксообразование 
610 1 |a пластические массы 
610 1 |a вязкость 
610 1 |a газовыделение 
610 1 |a угольные шахты 
610 1 |a угольные шихты 
610 1 |a зернистые материалы 
610 1 |a измельчение 
675 |a 662.741.02(04)  |v 4 
700 1 |a Сухенко  |b С. И. 
712 0 2 |a Кузнецкий металлургический комбинат  |c (Новокузнецк)  |2 stltpush  |3 (RuTPU)RU\TPU\col\345  |9 23364 
801 1 |a RU  |b 63413507  |c 20201105 
801 2 |a RU  |b 63413507  |c 20220118  |g RCR 
942 |c BK